| 000 | 00453nam a2200157Ia 4500 | ||
|---|---|---|---|
| 008 | 240729s9999 xx 000 0 und d | ||
| 022 | _a1983-4195 | ||
| 245 | 0 | _aRevista IBRACON de Estruturas e Materiais | |
| 260 | _aBrazil | ||
| 260 | _bInstituto Brasileiro do Concreto (IBRACON) | ||
| 650 | _a Building construction | ||
| 650 | _aTechnology | ||
| 856 | _uhttps://doaj.org/toc/0dc8dff67d1740cebfb7b28a2afe5788 | ||
| 942 | _2ddc | ||
| 942 | _cDOAJEJ | ||
| 999 |
_c65819 _d65819 |
||
| 945 |
_a1 _bMadushi Gamage _c1 _dMadushi Gamage |
||